000 00783nam a2200205 a 4500
005 20210219160523.0
008 081109s1987 mx r 000 0 spa d
020 _a222100289X
035 _aUPN01000167425
049 _aUNE
080 _a342.4 -053.2 =40 KOR.
100 1 _aKorczak, Janusz
245 1 3 _aLe Droit de l'enfant au respect suivi de Quand je redeviendrai petit et de journal du ghetto /
_cJanusz Korczak; tr. du polonais par Zofia Bobowicz; pref. du S. Tomkiewicz; postface de Igor Newerly.
260 _aVarsovie :
_bNosza Ksiegarnia ;
_aParís :
_bUNESCO :
_c1987.
300 _a301 p.
440 0 _aCollection UNESCO d'oeuvres représentatives.
_pSerie européen
690 _aLiteratura- Derechos del niño
690 _aNiños - Literatura
905 _aUNESCO
999 _c139536
_d139536